000 00540nam a2200181 i 4500
001 67876
003 ES-MaACL
005 20251011063111.0
007 t|
008 040216s1925 sp ||||1| spa d
100 1 _aGallego y Burín, Antonio,
_d1895-1961
_953594
245 1 0 _aJosé de Mora /
_cpor Antonio Gallego y Burín.
260 _aGranada :
_b[López Guevara],
_c1925.
300 _a256 p., 34 lám. ;
_c21 cm.
600 1 4 _aMora, José de (
_d1642-1724)
_9156560
852 _aES-MaACL
_jF-1150
999 _c67876
_d67876